Complétez ces expressions françaises sur l'anatomie - Statistiques

Statistiques générales
  • Ce quiz a été pris 4 467 fois
    4 454 depuis la dernière actualisation
  • Le résultat moyen est 12 sur 21
Statistiques - réponses
Hint Réponse % Correct
Avoir les yeux plus gros que le ventre Avoir les yeux plus gros que le {ventre}
97%
Avoir la tête sur les épaules Avoir la tête sur les {épaules}
95%
C'est tiré par les cheveux C'est tiré par les {cheveux}
94%
Prendre ses jambes à son cou Prendre ses {jambes} à son cou
92%
Ne pas avoir froid aux yeux Ne pas avoir froid aux {yeux}
87%
Croiser les doigts Croiser les {doigts}
77%
Le talon d'Achille Le {talon} d'Achille
77%
Les doigts dans le nez Les doigts dans le {nez}
76%
Avoir la gueule de bois Avoir la {gueule} de bois
63%
Avoir un coeur d'artichaut Avoir un {coeur} d'artichaut
62%
Se battre bec et ongles Se battre bec et {ongles}
59%
Faire la fine bouche Faire la fine {bouche}
58%
Pratiquer la langue de bois Pratiquer la {langue} de bois
50%
Manger sur le pouce Manger sur le {pouce}
48%
Les murs ont des oreilles Les murs ont des {oreilles}
46%
Avoir la tête dans les nuages Avoir la {tête} dans les nuages
45%
Se faire marcher sur les pieds Se faire marcher sur les {pieds}
42%
Donner un coup de main Donner un coup de {main}
30%
Jouer des coudes Jouer des {coudes}
26%
Sortir de la cuisse de Jupiter Sortir de la {cuisse} de Jupiter
18%
Se faire à la force du poignet Se faire à la force du {poignet}
7%
Aucun quiz correspondant
Distribution des résultats
% des personnes avec chaque résultat
Percentile par nombre de réponses
Votre historique - résultats
Vous n’avez pas pris ce quiz depuis la dernière actualisation